Obálka
Pro půjčování e-knih musíte být přihlášeni.
Jak si půjčit online?

Miloš Kopecký : známá i neznámá tvář : nahrávky z let 1958-1989

Jedinečný komplet nahrávek nezapomenutelného herce.

Uloženo v:
Další autoři: Kopecký, Miloš, 1922-1996 (Herec, Vypravěč-komentátor, Účinkující, Zpěvák)
Médium: E-audiokniha
Jazyk:Czech
Vydáno: Praha : Supraphon, 2022
Témata:
Tagy:
Žádné tagy
LEADER 03798nim a2200649 ia4500
001 313209
003 CZ PrSKC
005 20260601215737.0
007 sd fungnnmmnee
008 221024p20221958xr nnnng ez mt n cze
015 |a cnb003466208 
024 1 |a 099925666729 
028 0 1 |a SU 6667-2  |b Supraphon 
040 |a ABA001  |b cze  |e rda 
043 |a e-xr--- 
045 |a x2x9 
072 7 |a 791/793  |x Divadlo, film, tanec (obecně)  |2 Konspekt 
072 7 |a 929  |x Biografie  |2 Konspekt 
080 |a 929  |2 MRF 
080 |a 791/792.071.2  |2 MRF 
080 |a 792.09  |2 MRF 
080 |a 784.7:792  |2 MRF 
080 |a 784.7:791  |2 MRF 
080 |a (0:82-94)  |2 MRF 
080 |a (437.3)  |2 MRF 
080 |a (086.76)  |2 MRF 
245 0 0 |a Miloš Kopecký :  |b známá i neznámá tvář : nahrávky z let 1958-1989 
264 1 |a Praha :  |b Supraphon,  |c 2022 
300 |a 2 audiodisky (10:23:28 ; 9:13:47) ;  |c 12 cm 
336 |a mluvené slovo  |b spw  |2 rdacontent 
337 |a audio  |b s  |2 rdamedia 
338 |a audiodisk  |b sd  |2 rdacarrier 
344 |a digital  |b optical  |2 rda 
347 |a audio soubor  |b MP3  |2 rda 
500 |a Název z disku 
500 |a Fonogramy 1958-2022 Supraphon a další 
500 |a Informace k nahrávkám (18 stran) v pouzdře 
500 |a Technika záznamu AAD 
505 2 |a Mackie Messer -- Dekameron. Tři povídky ze sta -- Epištoly k nesmělým milencům -- Byl jsem Petrem Vokem -- Je v tom něčí dcera -- Kdypak tetřevi hon s lovci prohrají -- Není větší potěšení pro ortodoxního lumpa -- Včera řek' mi o ní doktor -- Straník č. 16 -- Bílé místo na mapě -- Jak se krade generál -- Klamné letiště -- Dva na Olympu -- Oči čokoládové -- Jen pro ten dnešní den -- už nikdy víc milovat nebudu -- Umění milovati -- Bim bam bum -- Rozhlásky -- Potkal jsem jelena -- Hluboká vráska -- O Nosáčovi -- Špatně vyučený čaroděj -- Sloní mládě -- Když nad Prahou se večer uklání -- Nikdy se nevrátí pohádka mládí -- Praha je Praha -- Mackie Messer -- Osobní vyznání 
511 0 |a Účinkuje Miloš Kopecký a další 
518 |o Nahráno  |d 1958-1989 
520 2 |a Jedinečný komplet nahrávek nezapomenutelného herce.  |b Na kompletu záznamů z archivu Supraphonu, České televize, Českého rozhlasu, Opusu a soukromých sbírek uslyšíme skoro vše, co Miloš Kopecký namluvil a nazpíval sám či se svými spolubesedníky a spoluhráči během 31 let svého uměleckého života. Úvodem obou CD nás provází řada písní zpívaných Milošem Kopeckým, jimž vévodí nesmrtelný Mackie Messer. Interpret se představí jako vynikající herec v mnoha rolích světového i českého repertoáru, ale i jako nesmírně vtipný autor svých povídek, glos a odpovědí publiku při řadě besed. Nakladatelská anotace. Kráceno. 
600 1 7 |a Kopecký, Miloš,  |d 1922-1996  |7 jk01061686  |2 czenas 
648 7 |a 20.-21. století  |7 ch462155  |2 czenas 
650 0 7 |a herci  |7 ph117199  |z Česko  |y 20.-21. století  |2 czenas 
650 0 7 |a divadelní představení  |7 ph114331  |2 czenas 
650 0 7 |a divadelní písně  |7 ph224331  |2 czenas 
650 0 7 |a filmové písně  |7 ph120200  |2 czenas 
655 7 |a divadelní písně  |7 fd1097492  |2 czenas 
655 7 |a autobiografické vzpomínky  |7 fd131854  |2 czenas 
655 7 |a kompaktní disky  |7 fd201991  |2 czenas 
700 1 |a Kopecký, Miloš,  |d 1922-1996  |7 jk01061686  |4 act  |4 nrt  |4 prf  |4 sng 
900 |a ABA001  |b 18 
044 |a xr 
910 |a RBIT002 
998 |d 393915  |a https://core.palmknihy.cz/api/books/393915/cover?s5r8nt  |b https://core.palmknihy.cz/api/books/393915/cover/400?s5r8nt  |c https://core.palmknihy.cz/api/books/393915/cover/50?s5r8nt  |e 2099-01-01  |i 099925666729  |l 69762  |q 49  |r 1  |s https://www.palmknihy.cz/kniha/393915  |t audiobook  |y 2022  |z 0 
999 |d 313207